• 首页
  • 本馆介绍
  • 公告通知
  • 最新文献
  • 馆藏检索
  • 电子资源
  • 读者导购
  • 参考咨询
  • 我的图书馆
  • 登录
  • 详细信息显示
  • 放入我的书架
  • 预约/预借图书
  • 作者相关作品
  • 分类相关作品
  • 丛书相关作品
  • 出版社相关作品

书目信息

  • 表格格式
  • 工作单格式
  • 卡片格式
题名:
艺用人体结构
    
 
作者: 伯里曼 著 ;润棠 译
分册:  
出版信息: 北京   人民美术出版社  1978
页数: 147页
开本: 20cm
丛书名:
单 册:
中图分类: J206.4
科图分类:
主题词: 绘画理论
电子资源:
ISBN:
000 00590nam0 2200205 450
001 0664016390
005 20060818173021.78
010    @dCNY0.43
100    @a20060804d1978 km y0chiy0120 ea
101 0  @achi
102    @aCN@b110000
200 1  @a艺用人体结构@Ayi yong ren ti jie gou@f(美)佐治·伯里曼著@F(mei)zuo zhi·bo li man zhu@g润棠译@Grun tang yi
210    @a北京@c人民美术出版社@d1978
215    @a147页@d20cm
606 0  @a绘画理论
690    @aJ206.4@v3
701  0 @a伯里曼@Abo li man@4著
702  0 @a润棠@Arun tang@4译
801  0 @aCN@bPFT@c20060818
905    @a10447@dJ206.4@e353
    
    艺用人体结构/(美)佐治·伯里曼著/润棠译.-北京:人民美术出版社,1978
    147页;20cm
    
    
    ISBN :CNY0.43
    
●
相关链接 在E读中查询图书 在五车中查询图书 在当当中查询图书 在豆瓣中查询图书


正题名:艺用人体结构     索取号:J206.4/353         预约/预借

序号 登录号 条形码 馆藏地/架位号 状态 备注
1 0444686   204446867   密集书库/ [索取号:J206.4/353] 在馆    
2 0466679   204666799   密集书库/ [索取号:J206.4/353] 在馆    
唐山师范学院图书馆 欢迎您!
大连网信软件有限公司© 版权所有